UBT Library

Practical orthopaedic exposures / (Record no. 47178)

000 -LEADER
fixed length control field 00657cam a2200229 a 4500
001 - CONTROL NUMBER
control field 2893602
005 - DATE AND TIME OF LATEST TRANSACTION
control field 20180815050401.0
008 - FIXED-LENGTH DATA ELEMENTS--GENERAL INFORMATION
fixed length control field 870128s1987 stka b 001 0 eng c
010 ## - LIBRARY OF CONGRESS CONTROL NUMBER
LC control number 87000797
020 ## - INTERNATIONAL STANDARD BOOK NUMBER
International Standard Book Number 0443029725
040 ## - CATALOGING SOURCE
Original cataloging agency DNLM/DLC
Transcribing agency DLC
Modifying agency DLC
041 ## - LANGUAGE CODE
Language code of text/sound track or separate title eng
060 ## - NATIONAL LIBRARY OF MEDICINE CALL NUMBER
Classification number WE 725 M478p
080 ## - UNIVERSAL DECIMAL CLASSIFICATION NUMBER
Universal Decimal Classification number 617.3
082 00 - DEWEY DECIMAL CLASSIFICATION NUMBER
Classification number 617.3
Edition number 19
100 1# - Rafti
Rafti 8
101 ## - Shkurtesa
Shkurtesa ORT
245 10 - TITLE STATEMENT
Title Practical orthopaedic exposures /
Statement of responsibility, etc Ronald McRae, with contributions from John Bingham ; original illustrations by the author.
504 ## - BIBLIOGRAPHY, ETC. NOTE
Bibliography, etc Includes bibliographies and index.
906 ## - LOCAL DATA ELEMENT F, LDF (RLIN)
a 7
b cbc
c orignew
d 1
e ocip
f 19
g y-gencatlg
942 ## - ADDED ENTRY ELEMENTS (KOHA)
Source of classification or shelving scheme
Item type Books
Holdings
Withdrawn status Lost status Source of classification or shelving scheme Damaged status Not for loan Collection code Permanent location Current location Shelving location Date acquired Total Checkouts Full call number Barcode Date last seen Price effective from Koha item type
          Koleksioni i përgjithshem UBT - Lipjan UBT - Lipjan Koleksioni i përgjithshem 08/15/2018   617.3 MCR 002-3011368 08/15/2018 08/15/2018 Books
UBT Library © 2015-2024. All rights reserved University Education for Business and Technology